[Event "VII Memorial Nicola Palladino B"]
[Site "Milano ITA"]
[Date "2015.04.03"]
[Round "2"]
[White "Casamassima, Paolo"]
[Black "Bolognese, Leonardo"]
[WhiteElo "1633"]
[BlackElo "1564"]
[Result "1-0"]
[PlyCount "84"]
[EventDate "2015.04.02"]

1. d4 d5 2. c4 e6 3. Nf3 Nf6 4. e3 c6 5. Bd3 Be7 6. O-O O-O 7. h3 Nbd7 8. Nc3
dxc4 9. Bxc4 Nd5 10. Bb3 N7f6 11. a3 Qc7 12. Re1 Nxc3 13. bxc3 Ne4 14. Qd3 Nf6
15. e4 Rd8 16. Bc2 Nd7 17. e5 Nf8 18. Bg5 h6 19. Bh4 Bxh4 20. Nxh4 c5 21. f4 b6
22. Rad1 Bb7 23. f5 exf5 24. Nxf5 cxd4 25. Qg3 Ng6 26. Nxd4 Nf8 27. Nf5 Ng6 28.
Nd6 Qc5+ 29. Kh2 Bd5 30. Bxg6 fxg6 31. Qxg6 Bb3 32. Rd3 Rd7 33. Qg3 Be6 34.
Rde3 Qxa3 35. Ne4 Kh8 36. Qg6 Qe7 37. Rg3 Rg8 38. Nf6 gxf6 39. Qxh6+ Qh7 40.
Qxf6+ Rdg7 41. Rd1 Re8 42. Rd4 Kg8 1-0

[Event "VII Memorial Nicola Palladino B"]
[Site "Milano ITA"]
[Date "2015.04.03"]
[Round "2"]
[White "Ceraulo, Carlo Alberto"]
[Black "Pirovano, Ezio"]
[WhiteElo "1467"]
[BlackElo "1433"]
[Result "1-0"]
[PlyCount "85"]
[EventDate "2015.04.02"]

1. d4 Nf6 2. c4 e6 3. Nc3 d5 4. Bg5 Nbd7 5. e3 c6 6. c5 b6 7. b4 bxc5 8. bxc5
Qa5 9. Qd2 Be7 10. Nf3 Qd8 11. Bd3 a5 12. Qe2 Qc7 13. O-O e5 14. Nxe5 Nxe5 15.
Bf4 Nfd7 16. Na4 Bf6 17. Rab1 Qd8 18. dxe5 Bxe5 19. Nb6 Nxb6 20. Bxe5 Nd7 21.
Bxg7 Rg8 22. Bd4 Qg5 23. f4 Qe7 24. Bxh7 Ba6 25. Qf3 Bxf1 26. Bxg8 Bd3 27. Rd1
Be4 28. Qh3 Qf8 29. Bh7 Nxc5 30. Bxc5 Qxc5 31. Bxe4 Rd8 32. Qh8+ Ke7 33. Qd4
Qxd4 34. Rxd4 dxe4 35. Rxd8 Kxd8 36. g4 Ke7 37. Kf2 f6 38. Ke2 Ke6 39. Kd2 Kd6
40. Kc3 Kd5 41. h4 Ke6 42. Kc4 Kd6 43. h5 1-0

[Event "VII Memorial Nicola Palladino B"]
[Site "Milano ITA"]
[Date "2015.04.03"]
[Round "2"]
[White "Colica, Daniele"]
[Black "Nikonov, Maxim"]
[WhiteElo "1624"]
[BlackElo "1507"]
[Result "1-0"]
[PlyCount "41"]
[EventDate "2015.04.02"]

1. e4 e5 2. Nf3 Nc6 3. d4 exd4 4. Nxd4 Bc5 5. Be3 Qf6 6. c3 Nge7 7. Bc4 d6 8.
O-O O-O 9. f4 Be6 10. Be2 Rae8 11. Na3 Bxa3 12. bxa3 a6 13. Qd2 Nc8 14. f5 Bd7
15. Bg5 Qe5 16. Bf3 Nb6 17. Rae1 Nc4 18. Nxc6 Nxd2 19. Nxe5 dxe5 20. Bxd2 Bb5
21. Be2 1-0

[Event "VII Memorial Nicola Palladino B"]
[Site "Milano ITA"]
[Date "2015.04.03"]
[Round "2"]
[White "Colonetti, Giacomo"]
[Black "Bossoni, Alessandra"]
[WhiteElo "1338"]
[BlackElo "1489"]
[Result "1/2-1/2"]
[PlyCount "113"]
[EventDate "2015.04.02"]

1. e4 d6 2. d4 Nf6 3. Nc3 g6 4. Nf3 Bg7 5. h3 Nc6 6. Bc4 O-O 7. O-O e5 8. d5
Ne7 9. Ne2 Ne8 10. Bb3 f5 11. exf5 Bxf5 12. Ng3 Bd7 13. Ne4 Nf6 14. Nxf6+ Bxf6
15. Bg5 Bxg5 16. Nxg5 Nf5 17. Ne4 Qh4 18. Re1 Nd4 19. c3 Nxb3 20. Qxb3 b6 21.
c4 Rf7 22. Qg3 Qxg3 23. Nxg3 Raf8 24. Ne4 Bf5 25. f3 Bxe4 26. Rxe4 Rf4 27. Rae1
Kg7 28. Kf2 Rxe4 29. Rxe4 Rf4 30. g3 Rxe4 31. fxe4 Kf6 32. Kf3 h5 33. h4 a5 34.
b3 g5 35. a3 Kg6 36. Kg2 Kf6 37. Kf3 gxh4 38. gxh4 Ke7 39. Ke3 Kd7 40. Kd3 c6
41. Kc3 Kc7 42. a4 Kb7 43. Kb2 cxd5 44. cxd5 Ka6 45. Kc3 b5 46. Kd3 Kb6 47. Kc3
Kc5 48. axb5 Kxb5 49. Kd3 Kb4 50. Kc2 a4 51. bxa4 Kxa4 52. Kc3 Kb5 53. Kb3 Kb6
54. Kb4 Ka6 55. Ka4 Kb6 56. Kb4 Ka6 57. Ka4 1/2-1/2

[Event "VII Memorial Nicola Palladino B"]
[Site "Milano ITA"]
[Date "2015.04.03"]
[Round "2"]
[White "Crippa, Oscar"]
[Black "Castoldi, Andrea"]
[WhiteElo "1694"]
[BlackElo "1385"]
[Result "1-0"]
[PlyCount "95"]
[EventDate "2015.04.02"]

1. e4 c6 2. Nf3 d5 3. Nc3 dxe4 4. Nxe4 Nd7 5. Bc4 e6 6. Qe2 Ngf6 7. Neg5 Nb6 8.
Ne5 Qd4 9. Bb3 Nbd5 10. Bxd5 Qxd5 11. f3 Bd6 12. Nexf7 Rf8 13. Nxd6+ Qxd6 14.
Ne4 Qe5 15. d3 Nxe4 16. Qxe4 Qf5 17. Bd2 g6 18. O-O-O Qd5 19. Qxd5 exd5 20.
Rde1+ Kf7 21. Bb4 Re8 22. Rxe8 Kxe8 23. Re1+ Kf7 24. Re7+ Kg8 25. Bc3 Bf5 26.
Rg7+ Kf8 27. g4 Be6 28. Rxh7 Bf7 29. f4 Re8 30. Kd2 a6 31. Bf6 Re6 32. g5 b5
33. Rh3 c5 34. Rf3 c4 35. f5 Re8 36. fxg6 Bxg6 37. Be5+ Kg8 38. d4 Rf8 39.
Rxf8+ Kxf8 40. c3 Kf7 41. Ke3 Be4 42. Kf4 Kg6 43. Bf6 Bg2 44. Ke5 Be4 45. Kd6
a5 46. Kc5 b4 47. cxb4 axb4 48. Kxb4 1-0

[Event "VII Memorial Nicola Palladino B"]
[Site "Milano ITA"]
[Date "2015.04.03"]
[Round "2"]
[White "De Lerma, Andrea"]
[Black "Biava, Pierluigi"]
[WhiteElo "1709"]
[BlackElo "1609"]
[Result "1-0"]
[PlyCount "49"]
[EventDate "2015.04.02"]

1. Nf3 Nf6 2. d4 e6 3. c4 b6 4. g3 Bb7 5. Bg2 c5 6. d5 exd5 7. Nh4 Na6 8. Nc3
Qb8 9. cxd5 g6 10. O-O d6 11. e4 Be7 12. Bh6 Nd7 13. f4 Qd8 14. Nf3 f6 15. Qa4
Nc7 16. e5 Nxd5 17. Nxd5 Bxd5 18. Rad1 Be6 19. exd6 Bf8 20. Qe4 Kf7 21. Ng5+
fxg5 22. fxg5+ Bf5 23. Qd5+ Ke8 24. Rde1+ Be7 25. dxe7 1-0

[Event "VII Memorial Nicola Palladino B"]
[Site "Milano ITA"]
[Date "2015.04.03"]
[Round "2"]
[White "Mapelli, Davide"]
[Black "Poletto, Daniele"]
[WhiteElo "1579"]
[BlackElo "1709"]
[Result "0-1"]
[PlyCount "86"]
[EventDate "2015.04.02"]

1. e4 c5 2. Nc3 Nc6 3. Bb5 g6 4. f4 Bg7 5. Nf3 e6 6. Bxc6 dxc6 7. d3 Ne7 8. O-O
O-O 9. Qe1 b6 10. Qh4 f5 11. Kh1 Bd7 12. Ng5 h6 13. Nf3 Nc8 14. Qg3 Kh7 15. Bd2
Be8 16. Ne5 b5 17. Be3 c4 18. dxc4 b4 19. Ne2 fxe4 20. Bc5 Rg8 21. Bxb4 Qb6 22.
Bc3 Nd6 23. b3 Nf5 24. Qf2 Ne3 25. Rfc1 Nf5 26. Qxb6 axb6 27. Rd1 c5 28. Nd7
Bxc3 29. Nxc3 Ne3 30. Rd2 Bxd7 31. Rxd7+ Rg7 32. Rxg7+ Kxg7 33. Rc1 Rd8 34.
Nxe4 Nxc2 35. g3 Ne3 36. Kg1 Rd4 37. Nc3 Rd2 38. Re1 Rd3 39. Rc1 Nf5 40. Rc2
Nd4 41. Rc1 Rxc3 42. Ra1 Rc2 43. Kh1 Nf3 0-1

[Event "VII Memorial Nicola Palladino B"]
[Site "Milano ITA"]
[Date "2015.04.03"]
[Round "2"]
[White "Myftaraj, Ylli"]
[Black "Invernizzi, Ferruccio"]
[WhiteElo "1634"]
[BlackElo "1597"]
[Result "1-0"]
[PlyCount "146"]
[EventDate "2015.04.02"]

1. d4 d6 2. Nf3 Nf6 3. c4 g6 4. e3 Bg7 5. Be2 O-O 6. O-O c6 7. Nc3 Qc7 8. Qc2
Nbd7 9. b3 e5 10. dxe5 dxe5 11. e4 Nc5 12. Ba3 b6 13. Bxc5 bxc5 14. Rad1 Nh5
15. Qd2 Be6 16. Qd6 Qxd6 17. Rxd6 Rac8 18. Ng5 Nf4 19. g3 Nxe2+ 20. Nxe2 Rfd8
21. Rfd1 Rxd6 22. Rxd6 Bf8 23. Rd1 Bg4 24. f3 Be7 25. fxg4 Bxg5 26. Kf2 Rd8 27.
Rxd8+ Bxd8 28. Nc1 Be7 29. h4 Kg7 30. Nd3 Kf6 31. Kf3 Ke6 32. g5 f5 33. gxf6
Kxf6 34. Kg4 h5+ 35. Kf3 Ke6 36. Ke3 Kd6 37. Kf3 Bf6 38. Ke3 Be7 39. Kf3 Bf6
40. Ne1 Be7 41. Ng2 Bf6 42. g4 Be7 43. gxh5 gxh5 44. Kg3 Ke6 45. Ne3 Bf6 46.
Nf5 Kd7 47. Kh3 Ke6 48. Ng3 Kf7 49. Nxh5 Be7 50. Kg4 Kg6 51. Ng3 Bd8 52. h5+
Kf6 53. Nf5 Bc7 54. Ng3 Ba5 55. Nf5 Bc7 56. h6 Kg6 57. Ne7+ Kxh6 58. Kf5 Kg7
59. Nxc6 a5 60. Nxe5 Kf8 61. Nd7+ Ke7 62. Nxc5 Kd6 63. Nd3 Bb6 64. c5+ Bxc5 65.
Nxc5 Kxc5 66. e5 Kb4 67. e6 Ka3 68. e7 Kxa2 69. e8=Q Kxb3 70. Qe1 a4 71. Qa1 a3
72. Ke4 a2 73. Kd3 Ka3 1-0

[Event "VII Memorial Nicola Palladino B"]
[Site "Milano ITA"]
[Date "2015.04.03"]
[Round "2"]
[White "Orlandini, Andrea"]
[Black "Colonetti, Fabio"]
[WhiteElo "1672"]
[BlackElo "1605"]
[Result "1-0"]
[PlyCount "99"]
[EventDate "2015.04.02"]

1. e4 Nf6 2. e5 Nd5 3. d4 d6 4. c4 Nb6 5. Nf3 g6 6. Bf4 Bg7 7. Be2 O-O 8. O-O
Nc6 9. Nc3 Bg4 10. exd6 cxd6 11. c5 dxc5 12. dxc5 Nd7 13. Rc1 Nxc5 14. Nd5 Ne6
15. Bg3 Rc8 16. Qb3 Qd7 17. Rfd1 Ncd4 18. Rxc8 Rxc8 19. Nxd4 Nxd4 20. Bxg4 Qxg4
21. Nxe7+ Kf8 22. Nxc8 Qxc8 23. Qb4+ Kg8 24. h3 Ne2+ 25. Kh2 Nxg3 26. fxg3 Bf8
27. Qc3 Qxc3 28. bxc3 b6 29. Rd7 a5 30. Kg1 Bc5+ 31. Kf1 Kf8 32. Ke2 Ke8 33.
Rb7 h6 34. g4 Kf8 35. Kd3 Kg7 36. Ke4 Kf6 37. c4 Ke6 38. Rb8 Kf6 39. Re8 a4 40.
Ra8 a3 41. Re8 g5 42. Kd5 Bg1 43. Kc6 Bc5 44. Rb8 Ke5 45. Rxb6 Kd4 46. Rb5 Bf8
47. c5 Kc4 48. Kb6 Bg7 49. c6 Bd4+ 50. Ka6 1-0

[Event "VII Memorial Nicola Palladino B"]
[Site "Milano ITA"]
[Date "2015.04.03"]
[Round "2"]
[White "Palermiti, Francesco"]
[Black "Pollio, Ciro"]
[WhiteElo "1444"]
[BlackElo "1779"]
[Result "0-1"]
[PlyCount "110"]
[EventDate "2015.04.02"]

1. d4 d5 2. Nf3 Nf6 3. e3 Bf5 4. Bd3 Bxd3 5. Qxd3 c6 6. O-O e6 7. Nbd2 Bd6 8.
b3 O-O 9. Bb2 Na6 10. a3 Rc8 11. c4 Re8 12. c5 Bb8 13. b4 Nc7 14. Ne5 Nd7 15.
f4 f6 16. Nxd7 Qxd7 17. Nf3 Re7 18. Rae1 Rce8 19. Qd1 Rf8 20. Kh1 Ne8 21. a4 a6
22. Qc2 Qc8 23. a5 f5 24. Ne5 Nf6 25. Rf3 Bxe5 26. dxe5 Ne4 27. Bd4 Rff7 28.
Qe2 Qe8 29. Kg1 g5 30. fxg5 Nxg5 31. Rg3 Rg7 32. Rf1 Ne4 33. Rxg7+ Rxg7 34. Rf3
Qh5 35. g3 Kf7 36. Kg2 Ke7 37. Qe1 Ng5 38. Rf2 Qh3+ 39. Kh1 Ne4 40. Kg1 Nxf2
41. Qxf2 Rg4 42. Bc3 h5 43. Qg2 Qxg2+ 44. Kxg2 h4 45. Kf2 hxg3+ 46. hxg3 Kf7
47. Bd2 Kg6 48. Kg2 Re4 49. Kf3 Rxe5 50. Kf4 Re4+ 51. Kf3 Rc4 52. Be1 Kg5 53.
Ke2 Kg4 54. Kf2 Rc2+ 55. Kg1 Kf3 0-1

[Event "VII Memorial Nicola Palladino B"]
[Site "Milano ITA"]
[Date "2015.04.03"]
[Round "2"]
[White "Persico, Lorenzo"]
[Black "Rigotti, Gianluigi"]
[WhiteElo "1427"]
[BlackElo "1503"]
[Result "0-1"]
[PlyCount "70"]
[EventDate "2015.04.02"]

1. Nf3 f5 2. e3 Nf6 3. b3 g6 4. Bb2 Bg7 5. Bc4 d5 6. Be2 O-O 7. c4 e6 8. d4 c6
9. c5 Ne4 10. Nbd2 Nxc5 11. Rb1 Ne4 12. Nxe4 fxe4 13. Ne5 Bxe5 14. dxe5 Nd7 15.
f4 exf3 16. gxf3 b6 17. Kd2 Qc7 18. f4 Nc5 19. Kc2 Ne4 20. Qg1 c5 21. Rc1 a5
22. a4 Ba6 23. Bxa6 Rxa6 24. Qf1 Ra7 25. h4 Ng3 26. Qg2 Nxh1 27. Rxh1 Qf7 28.
h5 Qf5+ 29. Kd2 Rg7 30. hxg6 Qxg6 31. Qxg6 Rxg6 32. Kc3 Rg3 33. Kd3 Rxf4 34.
Bc1 Rb4 35. Kc3 d4+ 0-1

[Event "VII Memorial Nicola Palladino B"]
[Site "Milano ITA"]
[Date "2015.04.03"]
[Round "2"]
[White "Pipitone, Filippo Massimo"]
[Black "Cagnotto, Marco"]
[WhiteElo "1549"]
[BlackElo "1673"]
[Result "0-1"]
[PlyCount "112"]
[EventDate "2015.04.02"]

1. d4 Nf6 2. Nf3 g6 3. c4 Bg7 4. Nc3 d6 5. e4 O-O 6. Be2 c5 7. O-O cxd4 8. Nxd4
Nc6 9. Be3 Bd7 10. Rb1 a6 11. Re1 Rc8 12. Nb3 Ne5 13. c5 dxc5 14. Nxc5 Bc6 15.
f3 Qxd1 16. Rexd1 Rfd8 17. h3 Nfd7 18. Nxd7 Rxd7 19. f4 Rxd1+ 20. Rxd1 Nd7 21.
Bg4 e6 22. e5 Bf8 23. Kh2 Nc5 24. Bf2 Ne4 25. Be1 Bc5 26. Nxe4 Bxe4 27. Bc3 h5
28. Be2 Bd5 29. a3 Bxa3 30. h4 Bc5 31. f5 Rf8 32. fxg6 fxg6 33. Rf1 Rxf1 34.
Bxf1 Bf2 35. Kh3 Be4 36. g3 b5 37. b4 Kf7 38. Bg2 Bd5 39. Kh2 Ke7 40. Kh3 Kd7
41. Kh2 Kc6 42. Kh3 Be3 43. Kh2 Bxg2 44. Kxg2 Kd5 45. Kf3 Bd4 46. Bxd4 Kxd4 47.
Kf4 Kc4 48. Kg5 Kxb4 49. Kf6 a5 50. Kxe6 a4 51. Kd6 a3 52. e6 a2 53. e7 a1=Q
54. e8=Q Qd4+ 55. Kc6 Qc5+ 56. Kb7 Qd5+ $138 0-1

[Event "VII Memorial Nicola Palladino B"]
[Site "Milano ITA"]
[Date "2015.04.03"]
[Round "2"]
[White "Russo, Luca"]
[Black "Maran, Walter"]
[WhiteElo "1609"]
[BlackElo "1547"]
[Result "1-0"]
[PlyCount "40"]
[EventDate "2015.04.02"]

1. e4 e6 2. d4 d5 3. Nc3 Bb4 4. Nge2 h6 5. a3 Be7 6. e5 c5 7. Be3 cxd4 8. Nxd4
a6 9. Qg4 g5 10. Qh5 Nc6 11. O-O-O Nxe5 12. f4 Nf6 13. Qe2 Nc4 14. fxg5 Nd7 15.
Nxe6 fxe6 16. Qh5+ Kf8 17. Bxc4 Bxg5 18. Rhf1+ Ke7 19. Nxd5+ Kd6 20. Nf4+ Kc7
1-0

[Event "VII Memorial Nicola Palladino B"]
[Site "Milano ITA"]
[Date "2015.04.04"]
[Round "3"]
[White "Benedetti, Mario"]
[Black "Colonetti, Fabio"]
[WhiteElo "1313"]
[BlackElo "1605"]
[Result "0-1"]
[PlyCount "138"]
[EventDate "2015.04.02"]

1. d4 d5 2. c4 e6 3. Nc3 c6 4. Nf3 Nf6 5. Bg5 h6 6. Bxf6 Qxf6 7. e3 Nd7 8. Be2
dxc4 9. Bxc4 b5 10. Bd3 Bb7 11. Ne4 Qd8 12. O-O Be7 13. a3 a6 14. b4 O-O 15.
Rc1 a5 16. Nc5 Nxc5 17. dxc5 Bf6 18. Rb1 axb4 19. axb4 Ra3 20. Rb3 Qa8 21. Qb1
Rd8 22. Rd1 Kf8 23. Rxa3 Qxa3 24. Be2 Rxd1+ 25. Bxd1 Qa1 26. Qxa1 Bxa1 27. Nd4
e5 28. Nc2 Bc3 29. Kf1 e4 30. Ke2 Bc8 31. f3 Be6 32. fxe4 Bc4+ 33. Kf2 Bd3 34.
Nd4 Bxe4 35. Bf3 Bxf3 36. gxf3 Bxb4 37. Nxc6 Bxc5 38. Ke2 Ke8 39. e4 Kd7 40.
Ne5+ Ke6 41. Nd3 Bf8 42. Kd2 b4 43. Kc2 g5 44. h3 f5 45. exf5+ Kxf5 46. Kb3 h5
47. Kc2 Bd6 48. Kb3 Bf8 49. Kc2 Be7 50. Kb3 Bd6 51. Kc2 Ke6 52. Kb3 Kd5 53. Nf2
Kd4 54. Ne4 Be7 55. Kc2 Ke3 56. Nd2 Kf4 57. Kd3 Kg3 58. h4 Kxh4 59. Ke4 Kg3 60.
Nf1+ Kf2 61. Ne3 h4 62. Ng4+ Kg3 63. Ne3 Bf8 64. Nf5+ Kf2 65. Ne3 h3 66. Ng4+
Kg3 67. Ke3 h2 68. Nxh2 Kxh2 69. Kd3 Kg3 0-1

[Event "VII Memorial Nicola Palladino B"]
[Site "Milano ITA"]
[Date "2015.04.04"]
[Round "3"]
[White "Biava, Pierluigi"]
[Black "Ceraulo, Carlo Alberto"]
[WhiteElo "1609"]
[BlackElo "1467"]
[Result "1-0"]
[PlyCount "69"]
[EventDate "2015.04.02"]

1. c4 c6 2. Nc3 d5 3. e3 Nf6 4. cxd5 cxd5 5. Nf3 Nc6 6. d4 Bg4 7. h3 Bxf3 8.
gxf3 e6 9. a3 a6 10. b3 Qc7 11. Bb2 g6 12. Bd3 Bg7 13. Rc1 O-O 14. f4 Rfe8 15.
h4 Qe7 16. h5 Nxh5 17. Rxh5 gxh5 18. Qxh5 f5 19. Ne2 Rf8 20. Ng3 Qf7 21. Qe2
Rfc8 22. b4 Ne7 23. Rb1 Rc7 24. Kd2 Nc8 25. Rg1 Nd6 26. Nh5 Qf8 27. f3 Nc4+ 28.
Bxc4 dxc4 29. Kc3 b5 30. Qg2 Qf7 31. Qh3 Kh8 32. Rxg7 Qxh5 33. Qxh5 Rxg7 34. d5
exd5 35. Kc2 1-0

[Event "VII Memorial Nicola Palladino B"]
[Site "Milano ITA"]
[Date "2015.04.04"]
[Round "3"]
[White "Bolognese, Leonardo"]
[Black "Colonetti, Giacomo"]
[WhiteElo "1564"]
[BlackElo "1338"]
[Result "1-0"]
[PlyCount "53"]
[EventDate "2015.04.02"]

1. d4 Nf6 2. c4 g6 3. Nc3 d6 4. e4 Bg7 5. Nf3 O-O 6. Bd3 Nbd7 7. O-O c5 8. d5
Ne8 9. Be3 Nc7 10. Qd2 e6 11. Bh6 e5 12. Bxg7 Kxg7 13. Ne2 Nf6 14. Ng3 Bd7 15.
h4 h6 16. Be2 b6 17. Nh2 Qc8 18. f4 exf4 19. Qxf4 Nfe8 20. Bg4 f6 21. Bxd7 Qxd7
22. Ng4 Rh8 23. Nxf6 Nxf6 24. Qxf6+ Kh7 25. Qf7+ Qxf7 26. Rxf7+ Kg8 27. Rxc7
1-0

[Event "VII Memorial Nicola Palladino B"]
[Site "Milano ITA"]
[Date "2015.04.04"]
[Round "3"]
[White "Bossoni, Alessandra"]
[Black "Mapelli, Davide"]
[WhiteElo "1489"]
[BlackElo "1579"]
[Result "0-1"]
[PlyCount "134"]
[EventDate "2015.04.02"]

1. e4 e5 2. Nf3 Nc6 3. Bc4 Bc5 4. c3 Nf6 5. d4 exd4 6. cxd4 Bb4+ 7. Nc3 Nxe4 8.
O-O Bxc3 9. bxc3 O-O 10. Qb3 Na5 11. Qa4 Nxc4 12. Qxc4 d5 13. Qd3 c6 14. Re1
Qf6 15. h3 Bf5 16. Qe3 Rfe8 17. Nd2 Re6 18. Nxe4 Rxe4 19. Qd2 Rae8 20. Rxe4
Rxe4 21. f3 Re8 22. Ba3 Qe6 23. Kf2 f6 24. Re1 Qxe1+ 25. Qxe1 Rxe1 26. Kxe1 Bb1
27. Bc5 b6 28. Bd6 Bxa2 29. Kd2 Bc4 30. h4 Kf7 31. Ke3 Ke6 32. Ba3 a5 33. g3
Kd7 34. Kf4 Ke6 35. g4 g6 36. g5 Be2 37. Ke3 Bd1 38. Kf4 Bc2 39. Kg4 Bf5+ 40.
Kf4 Bc2 41. Kg4 a4 42. Kf4 Bd1 43. Kg4 Kf7 44. Kf4 Kg7 45. Kg4 fxg5 46. hxg5 h6
47. gxh6+ Kxh6 48. Bf8+ Kh7 49. Kf4 Kg8 50. Ba3 Kf7 51. Ke3 Kf6 52. Kf4 g5+ 53.
Kg4 Bc2 54. f4 Bd1+ 55. Kg3 g4 56. Bb2 Kf5 57. Bc1 Ke4 58. Ba3 Kf5 59. Bc1 c5
60. Ba3 cxd4 61. cxd4 Ke4 62. Bb2 b5 63. Bc3 a3 64. Ba1 b4 65. Kf2 b3 66. Kg3
b2 67. Bxb2 axb2 0-1

[Event "VII Memorial Nicola Palladino B"]
[Site "Milano ITA"]
[Date "2015.04.04"]
[Round "3"]
[White "Cagnotto, Marco"]
[Black "Bonghi, Fabrizio"]
[WhiteElo "1673"]
[BlackElo "1498"]
[Result "1-0"]
[PlyCount "83"]
[EventDate "2015.04.02"]

1. e4 e6 2. d4 d5 3. e5 c5 4. c3 Nc6 5. Nf3 Qb6 6. Be2 cxd4 7. cxd4 Bb4+ 8. Bd2
Nge7 9. Bxb4 Qxb4+ 10. Qd2 Qxd2+ 11. Nbxd2 Nf5 12. Nb3 O-O 13. O-O f6 14. Bb5
fxe5 15. Bxc6 bxc6 16. dxe5 Bd7 17. Rac1 Rfc8 18. Rc2 Rc7 19. Rfc1 Rac8 20. Nc5
Ne7 21. Nd4 Ng6 22. Nxd7 Rxd7 23. Rxc6 Rxc6 24. Rxc6 Nxe5 25. Rxe6 Rc7 26. g3
Rc1+ 27. Kg2 Nd3 28. b3 Ra1 29. Ra6 g5 30. Rxa7 Rd1 31. Ne6 Ne1+ 32. Kh3 d4 33.
Rg7+ Kh8 34. Rd7 h6 35. Rxd4 Nd3 36. Kg2 Rd2 37. Kf3 Ne1+ 38. Ke3 Rxa2 39. Rd2
Ng2+ 40. Ke2 Ra6 41. Nd4 Ra1 42. Rd1 1-0

[Event "VII Memorial Nicola Palladino B"]
[Site "Milano ITA"]
[Date "2015.04.04"]
[Round "3"]
[White "Carli, Federico"]
[Black "Crippa, Oscar"]
[WhiteElo "1641"]
[BlackElo "1694"]
[Result "0-1"]
[PlyCount "96"]
[EventDate "2015.04.02"]

1. e4 e6 2. d4 d5 3. Nc3 Nf6 4. Bg5 Bb4 5. e5 h6 6. Bh4 g5 7. exf6 gxh4 8. Nf3
Qxf6 9. Bb5+ Bd7 10. Bxd7+ Nxd7 11. h3 Rg8 12. Rg1 O-O-O 13. Qd3 Qf4 14. Nd2
Nb6 15. O-O-O Nc4 16. Nce4 Nxd2 17. Nxd2 Rg7 18. c3 Bd6 19. Qf3 Rdg8 20. Rdf1
Qxf3 21. Nxf3 Rxg2 22. Rxg2 Rxg2 23. Nxh4 Rh2 24. f4 Rxh3 25. Nf3 f6 26. f5
exf5 27. Ne1 f4 28. Ng2 Rg3 29. Nxf4 Bxf4+ 30. Rxf4 Rg6 31. Rf5 c6 32. b3 Kd7
33. c4 Ke6 34. Rh5 f5 35. Kb2 f4 36. Re5+ Kd6 37. Rf5 h5 38. Rxh5 Rf6 39. Rh2
Ke6 40. Kc3 Kf5 41. Kd3 Kg4 42. Ke2 Kg3 43. Rh5 f3+ 44. Kf1 dxc4 45. bxc4 Rf4
46. Rg5+ Rg4 47. Rxg4+ Kxg4 48. d5 cxd5 0-1

[Event "VII Memorial Nicola Palladino B"]
[Site "Milano ITA"]
[Date "2015.04.04"]
[Round "3"]
[White "Castoldi, Andrea"]
[Black "Pipitone, Filippo Massimo"]
[WhiteElo "1385"]
[BlackElo "1549"]
[Result "0-1"]
[PlyCount "84"]
[EventDate "2015.04.02"]

1. e4 c5 2. Nf3 e6 3. d4 cxd4 4. Nxd4 a6 5. a3 Qc7 6. c4 Nf6 7. Nc3 d6 8. Be2
b6 9. Bg5 Be7 10. Bxf6 Bxf6 11. O-O Bb7 12. Qd3 Nd7 13. Rac1 Nc5 14. Qd1 Nxe4
15. Nxe4 Bxe4 16. b4 O-O 17. a4 Rfd8 18. Bf3 Bxf3 19. Nxf3 Rac8 20. Qb3 Qb7 21.
Rfd1 h6 22. b5 a5 23. Qa3 Qc7 24. Nd4 Bxd4 25. Rxd4 d5 26. Qc3 Qc5 27. g3 e5
28. Rdd1 d4 29. Qf3 Qe7 30. Re1 Qe6 31. Qd3 f6 32. f4 Qe8 33. fxe5 fxe5 34. Re4
Qg6 35. Rce1 Rc5 36. Qb3 Re8 37. Qc2 h5 38. Kg2 Kh7 39. Qe2 Kh6 40. Rxe5 Rcxe5
41. Qd2+ Re3 42. Qf2 Rxe1 0-1

[Event "VII Memorial Nicola Palladino B"]
[Site "Milano ITA"]
[Date "2015.04.04"]
[Round "3"]
[White "Colica, Daniele"]
[Black "Orlandini, Andrea"]
[WhiteElo "1624"]
[BlackElo "1672"]
[Result "0-1"]
[PlyCount "52"]
[EventDate "2015.04.02"]

1. e4 c5 2. Nf3 d6 3. d4 cxd4 4. Qxd4 Nc6 5. Bb5 Bd7 6. Bxc6 Bxc6 7. Nc3 Nf6 8.
Bg5 e6 9. O-O-O Be7 10. Qd3 Qc7 11. Nd4 Ng4 12. Bxe7 Nxf2 13. Qg3 Nxh1 14. Qxg7
Kxe7 15. Qg5+ Kd7 16. Qf6 Qd8 17. Qxf7+ Qe7 18. Qf4 Raf8 19. Qe3 Rhg8 20. Rxh1
Qg5 21. Qxg5 Rxg5 22. Rd1 a6 23. Nf3 Rxg2 24. Ne5+ Kc7 25. Nc4 Rff2 26. Rxd6 b5
0-1

[Event "VII Memorial Nicola Palladino B"]
[Site "Milano ITA"]
[Date "2015.04.04"]
[Round "3"]
[White "Invernizzi, Ferruccio"]
[Black "Rigotti, Gianluigi"]
[WhiteElo "1597"]
[BlackElo "1503"]
[Result "1-0"]
[PlyCount "87"]
[EventDate "2015.04.02"]

1. e4 e5 2. Nf3 Nc6 3. d4 exd4 4. Nxd4 Bc5 5. Be3 Qf6 6. c3 Nge7 7. Be2 d5 8.
Qd3 Ne5 9. Qb5+ Nd7 10. Nd2 c6 11. Qb3 Bb6 12. O-O Nc5 13. Qc2 O-O 14. Bf3 Ng6
15. exd5 Ne5 16. dxc6 Nxf3+ 17. N2xf3 bxc6 18. Rfe1 h6 19. Rad1 Bg4 20. h3 Bh5
21. Qf5 Qxf5 22. Nxf5 Bxf3 23. gxf3 Ne6 24. Ne7+ Kh7 25. Nxc6 Rac8 26. Nd4 Rb8
27. Nxe6 fxe6 28. Bxb6 Rxb6 29. Rd2 Rxf3 30. Re3 Rf5 31. b3 a5 32. Rde2 Rf6 33.
Kg2 Rg6+ 34. Rg3 Rf6 35. Rd2 g5 36. Rf3 Kg6 37. Rxf6+ Kxf6 38. Kf3 Kf5 39. Ke3
h5 40. Rd8 Rc6 41. Rf8+ Ke5 42. Kd3 Rd6+ 43. Kc4 Rd2 44. a4 1-0

[Event "VII Memorial Nicola Palladino B"]
[Site "Milano ITA"]
[Date "2015.04.04"]
[Round "3"]
[White "Maran, Walter"]
[Black "Palermiti, Francesco"]
[WhiteElo "1547"]
[BlackElo "1444"]
[Result "1-0"]
[PlyCount "137"]
[EventDate "2015.04.02"]

1. e4 c5 2. Nf3 d6 3. d4 cxd4 4. Nxd4 Nf6 5. Nc3 a6 6. Bg5 e6 7. f4 Be7 8. Qf3
Qc7 9. O-O-O Nc6 10. g4 Nxd4 11. Rxd4 e5 12. Rc4 Qd8 13. Bxf6 Bxf6 14. Nd5 O-O
15. f5 b5 16. Rc3 Bb7 17. Nxf6+ Qxf6 18. h4 Qd8 19. Bg2 b4 20. Rd3 Qc7 21. g5
Rac8 22. Rd2 Rfd8 23. Qb3 Qc4 24. Qxc4 Rxc4 25. Re1 a5 26. b3 Rc3 27. Red1 Rc6
28. Rd5 Ra6 29. Rxe5 Kf8 30. f6 g6 31. Re7 Bc8 32. e5 Be6 33. Kb2 d5 34. Rb7
Raa8 35. Bf3 Rac8 36. Rd2 Rc5 37. a3 bxa3+ 38. Kxa3 d4 39. Ra7 Bf5 40. Bd1 Ke8
41. Kb2 Rxe5 42. Be2 Be6 43. Re7+ Kf8 44. Bd3 Rd7 45. Rxd7 Bxd7 46. Rh2 Ke8 47.
Re2 Rxe2 48. Bxe2 Kd8 49. Bc4 Be6 50. Bxe6 fxe6 51. Kc1 e5 52. Kd2 Kd7 53. Kd3
Ke6 54. Ke4 Kd6 55. f7 Ke7 56. Kxe5 Kxf7 57. Kxd4 Ke6 58. Ke4 Kd6 59. c3 Ke6
60. c4 Kd6 61. Kd4 Kc6 62. Kd3 Kc5 63. Kc3 Kc6 64. Kd4 Kd6 65. c5+ Kc6 66. Kc4
Kc7 67. Kb5 Kb7 68. Kxa5 Kc6 69. b4 1-0

[Event "VII Memorial Nicola Palladino B"]
[Site "Milano ITA"]
[Date "2015.04.04"]
[Round "3"]
[White "Myftaraj, Ylli"]
[Black "De Lerma, Andrea"]
[WhiteElo "1634"]
[BlackElo "1709"]
[Result "1-0"]
[PlyCount "67"]
[EventDate "2015.04.02"]

1. d4 Nf6 2. c4 g6 3. Nf3 Bg7 4. Nc3 d6 5. e3 O-O 6. Be2 c5 7. O-O Na6 8. dxc5
Nxc5 9. Nd4 a6 10. Nb3 b6 11. Bf3 Rb8 12. Nd4 Bb7 13. Bxb7 Rxb7 14. Rb1 e5 15.
Nc6 Qc7 16. Nb4 e4 17. Nbd5 Nxd5 18. Nxd5 Qd7 19. b3 Nd3 20. Ba3 b5 21. cxb5
axb5 22. Nf4 Nxf4 23. exf4 b4 24. Bb2 Bc3 25. Bxc3 bxc3 26. Qd4 Qc6 27. Rbc1 c2
28. Rfe1 Rb5 29. Qxe4 Qxe4 30. Rxe4 Rc8 31. Rd4 d5 32. Kf1 Rc3 33. Ke2 Rbc5 34.
Rd3 1-0

[Event "VII Memorial Nicola Palladino B"]
[Site "Milano ITA"]
[Date "2015.04.04"]
[Round "3"]
[White "Nikonov, Maxim"]
[Black "Casamassima, Paolo"]
[WhiteElo "1507"]
[BlackElo "1633"]
[Result "0-1"]
[PlyCount "46"]
[EventDate "2015.04.02"]

1. e4 c5 2. Nf3 e6 3. g3 Nc6 4. Bg2 Qc7 5. O-O Nf6 6. d3 h6 7. Nc3 a6 8. Bf4 d6
9. Re1 e5 10. Bd2 Bg4 11. h3 Bxf3 12. Bxf3 Nd4 13. Bg2 Be7 14. Ne2 Ne6 15. f4
O-O 16. f5 Nd4 17. Nxd4 cxd4 18. g4 Nh7 19. Rf1 Rac8 20. Rc1 Qb6 21. Rb1 Rc7
22. c3 dxc3+ 23. Kh1 cxd2 0-1